Normal view MARC view
  • Sierra O'Reilly, Justo,

Entry Nombre Personal

Number of records used in: 6

001 - NUMERO DE CONTROL

  • campo de control: 30012

003 - IDENTIFICADOR DE NUMERO DE CONTROL

  • campo de control: DLC

005 - FECHA Y HORA DE LA ÜLTIMA TRANSACCIÓN

  • campo de control: 20220818092622.0

008 - DATOS DE LONGITUD FIJA

  • campo de control de longitud fija: 220818n| azannaabn |a aaa

010 ## - NÚMERO DE CONTROL DE LA BIBLIOTECA DEL CONGRESO

  • Número de control LC: n 84180921

035 ## - NUMERO DE CONTROL

  • Número de control: (OCoLC)oca01268919

040 ## - FUENTE DE CATALOGACIÓN

  • Agencia original de catalogación: DLC
  • Lenguaje de catalogación: spa
  • Description conventions: rda
  • Agencia de transcripción: DLC
  • Agencia que lo modifica: DLC
  • Agencia que lo modifica: OCoLC
  • Agencia que lo modifica: UPB
  • Agencia que lo modifica: MX-MxUPN

046 ## - FECHAS CON CODIFICACIÓN ESPECIAL

  • Fecha de nacimiento: 1814
  • Fecha de muerte: 1861

053 #0 - NÚMERO DE CLASIFICACIÓN LC

  • Número de clasificación elemento-número único o número inicial de tramo: PQ7297.S49

100 1# - ENCABEZAMIENTO - NOMBRE PERSONAL

  • Nombre personal: Sierra O'Reilly, Justo,
  • Fechas asociadas con el nombre: 1814-1861

374 ## - OCUPACIÓN

  • Occupation: Periodista
  • Fuente del término: lcsh

375 ## - GÉNERO

  • Gender: masculino

377 ## - LENGUA ASOCIADA

  • Language code: spa

400 1# - VEÁSE - NOMBRE DE PERSONA

  • Control subfield: nne
  • Personal name: Sierra, Justo,
  • Dates associated with a name: 1814-1861

400 1# - VEÁSE - NOMBRE DE PERSONA

  • Personal name: O'Reilly, Justo Sierra,
  • Dates associated with a name: 1814-1861

670 ## - FUENTE EN LA QUE SE LOCALIZARON DATOS

  • Cita de la fuente: En su obra: Lecciones de derecho marítimo internacional, 1981:
  • Información localizada: portada facsímil original (Dr. Justo Sierra) prefacio (Justo Sierra O'Reilly, 1814-1861; b. Tixcacaltuyú, Yucatán; journalist)

670 ## - FUENTE EN LA QUE SE LOCALIZARON DATOS

  • Cita de la fuente: LC data base, 1/29/85
  • Información localizada: (hdg.: Sierra, Justo, 1814-1861; usage: Justo Sierra O'Reilly)

670 ## - FUENTE EN LA QUE SE LOCALIZARON DATOS

  • Cita de la fuente: En su obra: La hija del judío, 1990:
  • Información localizada: v. 1, portada (Justo Sierra O'Reilly)

670 ## - FUENTE EN LA QUE SE LOCALIZARON DATOS

  • Cita de la fuente: En su obra: Los indios de Yucatán, 1994:
  • Información localizada: v. 1, portada (Justo Sierra O'Reilly)

902 ## - CATALOGADOR

  • Catalogador: NDAF/180822